| 000 | 00369nam a22001337a 4500 | ||
|---|---|---|---|
| 008 | 180910b xxu||||| |||| 00| 0 eng d | ||
| 020 | _a9780787978433 | ||
| 041 | _aeng | ||
| 080 | _a338 | ||
| 100 | _a53 | ||
| 101 | _aMAN | ||
| 245 |
_aEmotional Intelligence In acton Training And Coaching Activites For Leaders \And Managers _cHughes.M |
||
| 942 |
_2udc _cBK |
||
| 999 |
_c47616 _d47616 |
||